[Event "12. Süder Sommerpokal"]
[Site "Recklinghausen"]
[Date "2001.08.05"]
[Round "2"]
[White "Pusch, Hermann"]
[Black "Fuhrmann, Marc Andre"]
[Result "1-0"]
[WhiteElo "2169"]
[BlackElo "1616"]
[PlyCount "101"]
[EventDate "2001.??.??"]

1. e4 e6 2. d4 d5 3. exd5 exd5 4. Bd3 Nc6 5. c3 Bd6 6. Nf3 Nge7 7. Qc2 Bg4 8.
Nbd2 Qd7 9. O-O Bf5 10. Re1 O-O 11. b4 Rae8 12. b5 Nd8 13. Ne5 Bxe5 14. Rxe5
Bxd3 15. Qxd3 Ng6 16. Rxe8 Rxe8 17. Nf3 Ne6 18. g3 c6 19. a4 Rc8 20. Bd2 c5 21.
h4 cxd4 22. cxd4 Nc7 23. Rc1 Ne8 24. h5 Nf8 25. Kg2 Rxc1 26. Bxc1 Nd6 27. Ne5
Qf5 28. Ba3 Qxd3 29. Nxd3 Nf5 30. Nf4 Nxd4 31. Nxd5 Nfe6 32. Ne7+ Kh8 33. f4
Nc2 34. Bb2 Ne3+ 35. Kf3 Nc4 36. Bc3 Nc5 37. h6 f6 38. Nf5 g6 39. Ne7 Nd7 40.
Ke4 Ncb6 41. a5 Nc5+ 42. Ke3 Nbd7 43. Kd4 Ne6+ 44. Kd5 Nc7+ 45. Kc4 a6 46. b6
Nb5 47. Bb2 Nd6+ 48. Kd5 Nf5 49. Ke6 Nxe7 50. Kxe7 Nc5 51. Kf7 1-0

[Event "12. Süder Sommerpokal"]
[Site "Recklinghausen"]
[Date "2001.08.05"]
[Round "2"]
[White "Kuznesov, Mark"]
[Black "Ciornei, Dragos"]
[Result "0-1"]
[WhiteElo "1112"]
[BlackElo "2168"]
[PlyCount "68"]
[EventDate "2001.??.??"]

1. e4 e5 2. Nf3 Nc6 3. Nc3 g6 4. d4 exd4 5. Nxd4 Bg7 6. Be3 d6 7. Bc4 Nf6 8.
Bb3 O-O 9. Nxc6 bxc6 10. Qd2 Qe7 11. f3 Re8 12. O-O-O Be6 13. h4 Bxb3 14. axb3
d5 15. Rhe1 dxe4 16. Bg5 Red8 17. Qe2 Rxd1+ 18. Qxd1 Qd6 19. Qxd6 cxd6 20. Bxf6
Bxf6 21. Nxe4 Kg7 22. Kd1 Bxh4 23. g3 Bf6 24. Nxd6 Rd8 25. Kc1 Rxd6 26. c3 h5
27. Kc2 Re6 28. Rd1 Re2+ 29. Kc1 Rg2 30. Rd6 Rxg3 31. Rxc6 h4 32. c4 h3 33. Rd6
h2 34. Rd1 Rg1 0-1

[Event "12. Süder Sommerpokal"]
[Site "Recklinghausen"]
[Date "2001.08.05"]
[Round "2"]
[White "Konietzka, Lutz"]
[Black "Baumann, Ralf-Rüdiger"]
[Result "1-0"]
[WhiteElo "2160"]
[BlackElo "1460"]
[PlyCount "45"]
[EventDate "2001.??.??"]

1. Nf3 Nf6 2. g3 d5 3. Bg2 g6 4. b3 Bg7 5. Bb2 O-O 6. c4 dxc4 7. bxc4 c6 8. O-O
Re8 9. d3 Nbd7 10. Nbd2 Rb8 11. Qc2 b5 12. Nd4 bxc4 13. Nxc4 Nd5 14. Nxc6 Rxb2
15. Nxb2 Qb6 16. Bxd5 Qxb2 17. Qxb2 Bxb2 18. Rab1 Bg7 19. Nxa7 Ba6 20. Rfc1 Nf6
21. Bc6 Rd8 22. Rb6 Bc8 23. Rb8 1-0

[Event "12. Süder Sommerpokal"]
[Site "Recklinghausen"]
[Date "2001.08.05"]
[Round "2"]
[White "Bettendorf, Heinz"]
[Black "Woller, Rainer"]
[Result "0-1"]
[WhiteElo "1712"]
[BlackElo "2234"]
[PlyCount "50"]
[EventDate "2001.??.??"]

1. d4 Nf6 2. c4 c5 3. d5 b5 4. cxb5 a6 5. b6 d6 6. Nc3 g6 7. Qb3 Bb7 8. e4 Nbd7
9. Nf3 Bg7 10. Be2 O-O 11. O-O Qxb6 12. Qxb6 Nxb6 13. Rb1 a5 14. Nd2 Ba6 15.
Rd1 Bxe2 16. Nxe2 Rfb8 17. f3 Nfd7 18. b3 a4 19. Bb2 Bh6 20. Kf2 Rb7 21. Bc3
Rab8 22. f4 axb3 23. axb3 f5 24. Kf3 fxe4+ 25. Kxe4 Nf6+ 0-1

[Event "12. Süder Sommerpokal"]
[Site "Recklinghausen"]
[Date "2001.08.05"]
[Round "2"]
[White "Günnewig, Hans-Norbert"]
[Black "Hilmer, Frank"]
[Result "0-1"]
[WhiteElo "2037"]
[BlackElo "2216"]
[PlyCount "70"]
[EventDate "2001.??.??"]

1. e4 c5 2. Nf3 e6 3. d3 d5 4. Nbd2 Nc6 5. g3 Nf6 6. Bg2 Be7 7. O-O O-O 8. e5
Nd7 9. Re1 b5 10. Nf1 a5 11. h4 b4 12. Bf4 a4 13. a3 bxa3 14. bxa3 Ba6 15. Ne3
Nd4 16. Nxd4 cxd4 17. Ng4 Rc8 18. Qe2 Rc3 19. Nh2 Qc8 20. Qg4 Kh8 21. Bg5 Bxg5
22. hxg5 Rxc2 23. Qxd4 Qc5 24. Nf3 Bxd3 25. Bf1 Bxf1 26. Kxf1 Rc4 27. Qd1 f6
28. exf6 gxf6 29. Ra2 e5 30. gxf6 e4 31. Ng5 Rxf6 32. Qh5 Qe7 33. Kg2 Rf5 34.
f4 exf3+ 35. Nxf3 Qf8 {Rest unleserlich} 0-1

[Event "12. Süder Sommerpokal"]
[Site "Recklinghausen"]
[Date "2001.08.05"]
[Round "2"]
[White "Diebig, Maja"]
[Black "Bramkamp, Rainer"]
[Result "1/2-1/2"]
[WhiteElo "1612"]
[BlackElo "2191"]
[PlyCount "46"]
[EventDate "2001.??.??"]

1. d4 d5 2. c4 c6 3. Nc3 Nf6 4. Nf3 e6 5. Bg5 Nbd7 6. e3 Be7 7. cxd5 exd5 8.
Bd3 O-O 9. Qc2 Re8 10. O-O Nf8 11. Rab1 Ne4 12. Bxe7 Qxe7 13. b4 a6 14. a4 Nxc3
15. Qxc3 Bd7 16. b5 axb5 17. axb5 Ra3 18. Rb3 Rea8 19. bxc6 bxc6 20. Rfb1 f6
21. Rxa3 Qxa3 22. Qxa3 Rxa3 23. Be2 Kf7 1/2-1/2

[Event "12. Süder Sommerpokal"]
[Site "Recklinghausen"]
[Date "2001.08.05"]
[Round "2"]
[White "Spieß, Timo"]
[Black "Rausch, Peter"]
[Result "1-0"]
[WhiteElo "2181"]
[BlackElo "1478"]
[PlyCount "56"]
[EventDate "2001.??.??"]

1. e4 e5 2. Nf3 Nc6 3. Bb5 a6 4. Ba4 Nf6 5. O-O Be7 6. Re1 b5 7. Bb3 O-O 8. a4
Bb7 9. c3 d6 10. d4 Re8 11. Nbd2 Bf8 12. Bc2 Nb8 13. Bd3 c5 14. axb5 cxd4 15.
cxd4 d5 16. exd5 Qxd5 17. Bc4 Qd8 18. dxe5 Ng4 19. e6 Kh8 20. exf7 Re7 21. h3
Nh6 22. bxa6 Nxa6 23. Rxe7 Qxe7 24. Qe2 Nc7 25. Rxa8 Bxa8 26. Qxe7 Bxe7 27. Ne5
Nd5 28. Ndf3 g6 1-0

[Event "12. Süder Sommerpokal"]
[Site "Recklinghausen"]
[Date "2001.08.05"]
[Round "2"]
[White "Beyer, Thomas"]
[Black "Klueting, Reiner"]
[Result "0-1"]
[WhiteElo "1682"]
[BlackElo "2131"]
[PlyCount "41"]
[EventDate "2001.??.??"]

1. f4 e5 2. fxe5 d6 3. exd6 Bxd6 4. Nf3 Bg4 5. d4 Bxf3 6. exf3 Qh4+ 7. Ke2 Nc6
8. c3 O-O-O 9. Be3 Nf6 10. Kd2 Nd5 11. Bg1 Bf4+ 12. Kd3 Rhe8 13. Nd2 f5 14. Nb3
Ne3 15. Qb1 Ne5+ 16. Ke2 N5c4 17. Kd3 Qf6 18. Bxe3 Nxe3 19. c4 a5 20. a4 Qb6
21. Nc5 0-1

[Event "12. Süder Sommerpokal"]
[Site "Recklinghausen"]
[Date "2001.08.05"]
[Round "2"]
[White "Mittelbachert, Ulrich"]
[Black "Samisch, Romuald"]
[Result "1-0"]
[WhiteElo "2086"]
[BlackElo "1677"]
[PlyCount "73"]
[EventDate "2001.??.??"]

1. Nf3 Nf6 2. c4 g6 3. b4 Bg7 4. Bb2 O-O 5. e3 c6 6. Be2 d5 7. O-O Nbd7 8. a4
dxc4 9. Na3 Nd5 10. Bxg7 Kxg7 11. Qc2 N7f6 12. b5 cxb5 13. axb5 Bf5 14. Qxc4
Nb6 15. Qb3 Ne4 16. d3 Nd6 17. Nd4 Bd7 18. Qb2 Kg8 19. h4 h5 20. Bf3 a6 21.
bxa6 Rxa6 22. Ne2 Bc6 23. e4 Qd7 24. Qd2 Kh7 25. Qg5 f6 26. Qe3 Nb5 27. Nc2
Rfa8 28. Rxa6 Rxa6 29. Nb4 Ra4 30. Nxc6 Qxc6 31. Rc1 Qd6 32. e5 fxe5 33. Be4
Nd5 34. Qg5 Nf4 35. Nxf4 exf4 36. Qxh5+ Kg7 37. Qxb5 1-0

[Event "12. Süder Sommerpokal"]
[Site "Recklinghausen"]
[Date "2001.08.05"]
[Round "2"]
[White "Ünlü, Murat"]
[Black "Servaty, Rudolf"]
[Result "1/2-1/2"]
[WhiteElo "1672"]
[BlackElo "2255"]
[PlyCount "35"]
[EventDate "2001.??.??"]

1. e4 c5 2. Nf3 e6 3. d4 cxd4 4. Nxd4 a6 5. Bd3 Nf6 6. O-O Qc7 7. Nd2 Nc6 8.
N2b3 Be7 9. c3 O-O 10. Kh1 d5 11. exd5 exd5 12. Bf5 Re8 13. Qf3 Ne5 14. Qh3 g6
15. Bxc8 Raxc8 16. f4 Neg4 17. Qf3 h5 18. h3 1/2-1/2

[Event "12. Süder Sommerpokal"]
[Site "Recklinghausen"]
[Date "2001.08.05"]
[Round "2"]
[White "Pirs, Matjaz"]
[Black "Kiefer, Johannes"]
[Result "1-0"]
[WhiteElo "2248"]
[BlackElo "1704"]
[PlyCount "77"]
[EventDate "2001.??.??"]

1. d4 d5 2. Bf4 e6 3. e3 a6 4. a4 Bd6 5. Bg3 Nf6 6. Nd2 a5 7. Bd3 Nc6 8. f4 Nb4
9. Be2 c5 10. c3 Nc6 11. Bd3 cxd4 12. exd4 Qc7 13. Nh3 g6 14. Qe2 Bd7 15. Nf3
Nh5 16. Ne5 Ng7 17. Bh4 Be7 18. Bxe7 Kxe7 19. O-O h6 20. g4 Rhg8 21. Kh1 Raf8
22. f5 gxf5 23. gxf5 Kd8 24. Nxd7 Qxd7 25. fxe6 Nxe6 26. Bf5 Ne7 27. Qb5 Qxb5
28. axb5 b6 29. Rae1 Nc7 30. Bd3 f6 31. Rf4 Ne8 32. Rh4 Rh8 33. Nf4 Nc7 34.
Ne6+ Nxe6 35. Rxe6 Nc8 36. Rh5 Rf7 37. Rxd5+ Kc7 38. Rc6+ Kb7 39. Bf5 1-0

[Event "12. Süder Sommerpokal"]
[Site "Recklinghausen"]
[Date "2001.08.05"]
[Round "2"]
[White "Goihl, Mona"]
[Black "Denig, Friedrich"]
[Result "0-1"]
[WhiteElo "2134"]
[BlackElo "1664"]
[PlyCount "92"]
[EventDate "2001.??.??"]

1. e4 e5 2. Nf3 Nc6 3. d4 exd4 4. Nxd4 Bc5 5. Be3 Qf6 6. c3 Nge7 7. Bc4 Ne5 8.
Be2 d6 9. Nd2 O-O 10. Nc2 Bxe3 11. Nxe3 c6 12. O-O N7g6 13. g3 Bh3 14. Ng2 Rad8
15. f4 Nd7 16. Qc2 Rfe8 17. Rae1 Qe7 18. Bf3 Nf6 19. Rf2 Bxg2 20. Kxg2 Qc7 21.
Rfe2 Re7 22. Nb3 Nf8 23. Nd4 g6 24. Qc1 Kg7 25. f5 h6 26. c4 Re5 27. Kh1 Rde8
28. Qd2 R8e7 29. Bg2 g5 30. Qd3 N8d7 31. Nf3 Nc5 32. Qd4 Rxe4 33. Rxe4 Rxe4 34.
Rxe4 Ncxe4 35. h4 Qb6 36. Qxb6 axb6 37. hxg5 hxg5 38. Kg1 g4 39. Nh2 Nxg3 40.
Kf2 Nxf5 41. Nf1 Nd7 42. b4 Ne5 43. b5 Nxc4 44. bxc6 bxc6 45. Bxc6 Ne5 46. Be4
Kf6 0-1

[Event "12. Süder Sommerpokal"]
[Site "Recklinghausen"]
[Date "2001.08.05"]
[Round "2"]
[White "Hänisch, Jens"]
[Black "Westermann, Bernhard"]
[Result "1-0"]
[WhiteElo "2057"]
[BlackElo "1650"]
[PlyCount "61"]
[EventDate "2001.??.??"]

1. d4 c5 2. d5 e5 3. Nc3 d6 4. e4 Be7 5. f4 exf4 6. Bxf4 Bg5 7. Bb5+ Kf8 8. Bg3
h5 9. Nf3 h4 10. Bxd6+ Qxd6 11. Nxg5 Qg6 12. Qd2 Rh5 13. Nf3 a6 14. Bd3 b5 15.
Ne2 Qb6 16. Nf4 Rh6 17. e5 Ra7 18. Be4 Ne7 19. d6 Nec6 20. O-O h3 21. g3 Be6
22. Nxe6+ Rxe6 23. Bd5 Re8 24. Qf4 Nb4 25. Be4 c4+ 26. Kh1 Nd7 27. Rae1 Nc6 28.
Bxc6 Qxc6 29. e6 Nf6 30. d7 Nxd7 31. Qxf7# 1-0

[Event "12. Süder Sommerpokal"]
[Site "Recklinghausen"]
[Date "2001.08.05"]
[Round "2"]
[White "Lutz, Jürgen"]
[Black "Nebel, Rudi"]
[Result "1-0"]
[WhiteElo "1941"]
[BlackElo "1640"]
[PlyCount "97"]
[EventDate "2001.??.??"]

1. e4 c5 2. Nf3 e6 3. d4 cxd4 4. Nxd4 Qb6 5. Nb3 a6 6. Be3 Qc7 7. Be2 Nf6 8.
N1d2 b5 9. f4 d6 10. O-O Bb7 11. Bf3 Nbd7 12. a4 Be7 13. Nd4 b4 14. c3 bxc3 15.
Rc1 O-O 16. Rxc3 Qd8 17. Nc6 Bxc6 18. Rxc6 Nb8 19. Bb6 Qe8 20. Rc3 e5 21. Nc4
Nbd7 22. Bc7 Kh8 23. Nxd6 Bxd6 24. Qxd6 Ra7 25. fxe5 Ng8 26. Bg4 Nxe5 27. Qxe5
Qxa4 28. Rg3 Re8 29. Qc3 Rxc7 30. Qxc7 Qd4+ 31. Kh1 Re7 32. Qc3 Qd6 33. Rd1 Qb6
34. e5 Rc7 35. Qd2 Re7 36. Re3 Qh6 37. Bf3 Qf4 38. g3 Qf5 39. Kg2 h5 40. Rf1 h4
41. Be2 h3+ 42. Kg1 Qg5 43. Rf4 Rxe5 44. Rxe5 Qxe5 45. Rh4+ Nh6 46. Qd4 Qg5 47.
Rxh3 Kg8 48. Rh5 Qe7 49. Re5 1-0

[Event "12. Süder Sommerpokal"]
[Site "Recklinghausen"]
[Date "2001.08.05"]
[Round "2"]
[White "Thimm, Gerd"]
[Black "Hahn, Matthias"]
[Result "1-0"]
[WhiteElo "1634"]
[BlackElo "1932"]
[PlyCount "63"]
[EventDate "2001.??.??"]

1. d4 e6 2. Nf3 Nf6 3. Bg5 c5 4. c3 h6 5. Bxf6 Qxf6 6. e3 d5 7. Bd3 Bd6 8. Nbd2
cxd4 9. exd4 O-O 10. O-O b6 11. Qe2 Nc6 12. Rfe1 Bb7 13. Bb5 a6 14. Bxc6 Bxc6
15. Ne5 Bb5 16. Qh5 a5 17. Ndf3 Qe7 18. a4 Ba6 19. Re3 b5 20. Nh4 bxa4 21. f4
f6 22. Neg6 Qf7 23. Rae1 Rfe8 24. g4 Rab8 25. g5 Rxb2 26. gxh6 gxh6 27. Nf5
Bxf4 28. Nxf4 Qxh5 29. Nxh5 Kh8 30. Nxf6 Ra8 31. Rxe6 Bb5 32. Re7 1-0

[Event "12. Süder Sommerpokal"]
[Site "Recklinghausen"]
[Date "2001.08.05"]
[Round "2"]
[White "Cordes, Mary Ann"]
[Black "Oberste, Norbert"]
[Result "1-0"]
[WhiteElo "1931"]
[BlackElo "1624"]
[PlyCount "83"]
[EventDate "2001.??.??"]

1. e4 e6 2. d4 d5 3. exd5 exd5 4. Bd3 f5 5. c3 Nf6 6. Nf3 Bd6 7. O-O O-O 8. Bg5
Qe8 9. Bxf6 Rxf6 10. Re1 Qh5 11. Ne5 Qxd1 12. Rxd1 Nd7 13. Re1 Nf8 14. Nd2 Be6
15. Ndf3 h6 16. Re2 g5 17. h3 Ng6 18. Nxg6 Rxg6 19. Rae1 Bd7 20. Ne5 Bxe5 21.
Rxe5 c6 22. Bxf5 Bxf5 23. Rxf5 Rf8 24. Rxf8+ Kxf8 25. g3 Kf7 26. Kg2 h5 27. Re5
a5 28. h4 gxh4 29. Rxh5 hxg3 30. fxg3 b5 31. Re5 Rf6 32. g4 Kg6 33. Kg3 a4 34.
b3 axb3 35. axb3 b4 36. cxb4 Rf1 37. b5 cxb5 38. Rxd5 Rd1 39. b4 Rd3+ 40. Kf4
Kf6 41. g5+ Ke6 42. Re5+ 1-0

[Event "12. Süder Sommerpokal"]
[Site "Recklinghausen"]
[Date "2001.08.05"]
[Round "2"]
[White "Schreck, Peter"]
[Black "Reinhold, Klaus"]
[Result "1/2-1/2"]
[WhiteElo "1621"]
[BlackElo "1931"]
[PlyCount "97"]
[EventDate "2001.??.??"]

1. b3 e5 2. Bb2 Nc6 3. e3 g6 4. Bb5 Nge7 5. Nf3 Bg7 6. O-O O-O 7. d3 d6 8. Bxc6
Nxc6 9. Nbd2 f5 10. Rc1 Qe7 11. Re1 Bd7 12. a3 Rae8 13. c4 f4 14. h3 fxe3 15.
Rxe3 Bh6 16. Re1 Qf7 17. b4 Nd8 18. b5 Ne6 19. Rc2 Nc5 20. Ne4 Nxe4 21. dxe4
Bxh3 22. Qd5 Qxd5 23. cxd5 Re7 24. a4 Bc8 25. Bc1 Bxc1 26. Rexc1 Rff7 27. Ng5
Rg7 28. Ne6 Bxe6 29. dxe6 Kf8 30. a5 b6 31. axb6 axb6 32. Ra1 Rxe6 33. Ra8+ Re8
34. Ra7 Ree7 35. Ra8+ Kf7 36. Rc8 Ke6 37. Rc3 Rd7 38. Re8+ Rge7 39. Rf8 Rf7 40.
Re8+ Rde7 41. Rc8 Rg7 42. g3 g5 43. Kg2 g4 44. Rc1 Rgf7 45. Rc3 h6 46. Rg8 h5
47. Rh8 Rh7 48. Rg8 Ref7 49. Rc8 1/2-1/2

[Event "12. Süder Sommerpokal"]
[Site "Recklinghausen"]
[Date "2001.08.05"]
[Round "2"]
[White "Biendara, Michael"]
[Black "Stein, Daniel"]
[Result "1-0"]
[WhiteElo "1912"]
[BlackElo "1601"]
[PlyCount "53"]
[EventDate "2001.??.??"]

1. e4 e6 2. d4 d5 3. exd5 exd5 4. Bd3 Bd6 5. Nd2 Ne7 6. Qf3 Nbc6 7. c3 Be6 8.
Nh3 h6 9. Nf4 Bxf4 10. Qxf4 Qd7 11. Nb3 b6 12. Qg3 g5 13. Ba6 Nf5 14. Qd3 Nd6
15. f4 Bf5 16. Qe2+ Ne4 17. fxg5 Bg4 18. Qe3 hxg5 19. Nd2 Kf8 20. Nxe4 Re8 21.
O-O Rxe4 22. Qxg5 Bh3 23. Bb5 Bxg2 24. Qf6 Rxh2 25. Qxf7+ Qxf7 26. Rxf7+ Kxf7
27. Kxh2 1-0

[Event "12. Süder Sommerpokal"]
[Site "Recklinghausen"]
[Date "2001.08.05"]
[Round "2"]
[White "Bembennek, Ralf"]
[Black "Blayvas, Jan"]
[Result "0-1"]
[WhiteElo "1590"]
[BlackElo "1912"]
[PlyCount "148"]
[EventDate "2001.??.??"]

1. e4 e6 2. d4 d5 3. e5 c5 4. c3 Qb6 5. Nf3 Bd7 6. a4 Nc6 7. Be2 cxd4 8. cxd4
Nge7 9. Na3 Nf5 10. Nc2 Na5 11. O-O Nb3 12. Ra2 Nxc1 13. Qxc1 Qb3 14. Ra1 Bxa4
15. Ne3 Bd7 16. Nxf5 exf5 17. Qg5 h6 18. Qh4 Be7 19. Qg3 g5 20. e6 Bxe6 21. Qe5
O-O 22. Nd2 Qb4 23. Rad1 Rac8 24. Bd3 Qd6 25. Qe2 Bf6 26. Qh5 Kg7 27. Nf3 Qf4
28. h3 Rc7 29. g3 Qd6 30. g4 fxg4 31. hxg4 Qf4 32. Nh2 Bxd4 33. Kg2 Rfc8 34.
Bf5 Bxf5 35. gxf5 Rc4 36. Ng4 Rh8 37. f6+ Bxf6 38. Ne3 Rd4 39. Rxd4 Bxd4 40.
Nxd5 Qe4+ 41. Qf3 Qxf3+ 42. Kxf3 h5 43. b4 a6 44. Ke4 Ba7 45. Kf5 g4 46. Kg5 h4
47. Ne7 Kf8 48. Nf5 g3 49. fxg3 hxg3 50. Rc1 Ke8 51. Re1+ Kd8 52. Rd1+ Kc7 53.
Nxg3 Rg8+ 54. Kf4 Kc6 55. Ne4 Rg6 56. Kf5 Rh6 57. Ng5 Rh4 58. Nxf7 Rxb4 59.
Rd6+ Kc7 60. Rd3 Rc4 61. Ne5 Rc5 62. Rd7+ Kb6 63. Ke4 Bb8 64. Nd3 Rc6 65. Kd5
a5 66. Rd8 Kc7 67. Rh8 Ba7 68. Rh7+ Kb6 69. Ne5 Rc1 70. Nc4+ Ka6 71. Rh6+ b6
72. Kd4 Kb5 73. Nd6+ Kb4 74. Rh2 Rd1+ 0-1

[Event "12. Süder Sommerpokal"]
[Site "Recklinghausen"]
[Date "2001.08.05"]
[Round "2"]
[White "Wormuth, Marcus"]
[Black "Lietz, Werner"]
[Result "1-0"]
[WhiteElo "1911"]
[BlackElo "1587"]
[PlyCount "63"]
[EventDate "2001.??.??"]

1. e4 e5 2. Nf3 f5 3. Nxe5 Qf6 4. Nc4 fxe4 5. Nc3 Qe6 6. Nb5 Na6 7. Nd4 Qf6 8.
c3 c5 9. Nb5 g6 10. d3 d5 11. Ne3 Ne7 12. dxe4 dxe4 13. Nd6+ Qxd6 14. Qxd6 Nc6
15. Qf6 Rg8 16. Bc4 Rg7 17. Nd5 Rf7 18. Qh8 Be6 19. Bg5 Bxd5 20. Bxd5 Rf5 21.
Bxc6+ bxc6 22. Qxh7 Rxg5 23. Qb7 Rb8 24. Qxc6+ Kf7 25. Qxa6 Rxb2 26. O-O-O Rxf2
27. Rhf1 Rgxg2 28. Rxf2+ Rxf2 29. Rf1 e3 30. Kd1 Bg7 31. Qc4+ Ke7 32. Rxf2 1-0

[Event "12. Süder Sommerpokal"]
[Site "Recklinghausen"]
[Date "2001.08.05"]
[Round "2"]
[White "Lautenschütz, Ludger"]
[Black "Jittenmeier, Franz"]
[Result "0-1"]
[WhiteElo "1582"]
[BlackElo "1902"]
[PlyCount "51"]
[EventDate "2001.??.??"]

1. d4 g6 2. c4 Bg7 3. Nc3 d6 4. e4 Nc6 5. Be3 e5 6. d5 Nce7 7. Nf3 h6 8. Be2 f5
9. O-O Nf6 10. Bd3 f4 11. Bd2 g5 12. b4 Ng6 13. c5 O-O 14. a4 g4 15. Ne1 Rf7
16. f3 h5 17. cxd6 cxd6 18. Kh1 Ne8 19. g3 fxg3 20. hxg3 h4 21. fxg4 hxg3 22.
Ng2 Nf4 23. Be2 Qg5 24. Bxf4 exf4 25. Rc1 Qh6+ 26. Kg1 0-1

[Event "12. Süder Sommerpokal"]
[Site "Recklinghausen"]
[Date "2001.08.05"]
[Round "2"]
[White "Montignies, Rainer"]
[Black "Zhang, Fan"]
[Result "1-0"]
[WhiteElo "1901"]
[BlackElo "1567"]
[PlyCount "101"]
[EventDate "2001.??.??"]

1. e4 e6 2. d4 d5 3. Nc3 Nf6 4. Bg5 Be7 5. e5 Nfd7 6. Bxe7 Qxe7 7. f4 a6 8. Nf3
c5 9. dxc5 Qxc5 10. Qd2 Nc6 11. O-O-O b5 12. Bd3 Nb4 13. f5 Nxd3+ 14. Qxd3 Qc4
15. fxe6 fxe6 16. Qd2 O-O 17. Kb1 a5 18. Rhe1 b4 19. Ne2 Nc5 20. Ng3 Na4 21.
Qe3 Qb5 22. Nd4 Qb6 23. Ka1 Bd7 24. Nh5 Be8 25. Nf4 Bd7 26. Ndxe6 Bxe6 27. Qxb6
Nxb6 28. Nxe6 Rf7 29. Nd4 Re7 30. Kb1 Nc4 31. Nf3 Nb6 32. Kc1 Rae8 33. b3 g5
34. Nxg5 Rxe5 35. Kd2 a4 36. Rxe5 Rxe5 37. Nf3 Rf5 38. Re1 axb3 39. axb3 Kf7
40. Kd3 Rf4 41. Ra1 Nd7 42. Ra5 Nf6 43. Ra7+ Kg6 44. Re7 h6 45. Ke3 Re4+ 46.
Rxe4 dxe4 47. Ne5+ Kf5 48. Nc6 Nd5+ 49. Kd4 e3 50. Kxd5 e2 51. Nd4+ 1-0

[Event "12. Süder Sommerpokal"]
[Site "Recklinghausen"]
[Date "2001.08.05"]
[Round "2"]
[White "König, Daniela"]
[Black "Manthei, Michael"]
[Result "1-0"]
[WhiteElo "1492"]
[BlackElo "1874"]
[PlyCount "83"]
[EventDate "2001.??.??"]

1. e4 c5 2. Nf3 d6 3. d4 cxd4 4. Nxd4 Nf6 5. Nc3 a6 6. Bg5 e6 7. Qd2 Be7 8.
O-O-O Nc6 9. Nb3 Bd7 10. Bxf6 gxf6 11. Be2 Rb8 12. Bh5 b5 13. f4 a5 14. f5 a4
15. fxe6 Bxe6 16. Nd4 Nxd4 17. Qxd4 Qb6 18. Qxb6 Rxb6 19. Nd5 Rc6 20. Rhf1 Rg8
21. g3 Rc5 22. g4 Rg5 23. Nxf6+ Bxf6 24. Rxf6 Ke7 25. Rdf1 Rg7 26. a3 Bb3 27.
c3 Re5 28. R1f4 Be6 29. h4 Rxe4 30. Rxf7+ Rxf7 31. Rxe4 Rf1+ 32. Kd2 Rb1 33.
Kc2 Rh1 34. g5 Kd7 35. Be8+ Kxe8 36. Rxe6+ Kf7 37. Rxd6 Rxh4 38. Rb6 Rh5 39.
Rxb5 h6 40. Rb7+ Ke6 41. gxh6 Kd5 42. Rb5+ 1-0

[Event "12. Süder Sommerpokal"]
[Site "Recklinghausen"]
[Date "2001.08.05"]
[Round "2"]
[White "von Beers, Rainer"]
[Black "Hoecker, Horst"]
[Result "1-0"]
[WhiteElo "1864"]
[BlackElo "1506"]
[PlyCount "96"]
[EventDate "2001.??.??"]

1. e4 c5 2. Nf3 d6 3. d4 cxd4 4. Qxd4 Nc6 5. Bb5 Bd7 6. Bxc6 Bxc6 7. c4 Nf6 8.
Nc3 g6 9. O-O Bg7 10. Bg5 O-O 11. Qe3 a6 12. a4 Rc8 13. Rac1 Ng4 14. Qf4 Bd7
15. Qd2 Be6 16. b3 f6 17. Bf4 Bf7 18. h3 Ne5 19. Ne1 Nc6 20. Nc2 Na5 21. Rb1
Qd7 22. Nd5 Qd8 23. Nxe7+ Qxe7 24. Qxa5 Qxe4 25. Qd2 d5 26. Rfe1 Qf5 27. Nd4
Qd7 28. Nf3 Be6 29. Rbd1 Rfd8 30. Nd4 Bf7 31. Nc2 Be6 32. Qe3 Re8 33. Qb6 Bf8
34. Qd4 Bg7 35. Ne3 g5 36. Bg3 f5 37. Be5 f4 38. Nxd5 Bxd5 39. cxd5 h6 40. Bxg7
Qxg7 41. Qxg7+ Kxg7 42. d6 Kf7 43. Kf1 Rxe1+ 44. Rxe1 Rd8 45. Re7+ Kf6 46. Rh7
Kg6 47. Rxb7 Rxd6 48. a5 h5 1-0

[Event "12. Süder Sommerpokal"]
[Site "Recklinghausen"]
[Date "2001.08.05"]
[Round "2"]
[White "Sprewitz, Ingo"]
[Black "Barskij, Aleksandr"]
[Result "1/2-1/2"]
[WhiteElo "1562"]
[BlackElo "1859"]
[PlyCount "119"]
[EventDate "2001.??.??"]

1. e4 c5 2. Nf3 d6 3. d4 cxd4 4. Nxd4 Nf6 5. Nc3 e6 6. Bc4 Nc6 7. Be3 Be7 8.
O-O a6 9. a3 Nxe4 10. Nxe4 d5 11. Bd3 dxe4 12. Bxe4 Nxd4 13. Bxd4 O-O 14. Qd3
f5 15. Bf3 Qc7 16. Qc3 Qxc3 17. Bxc3 Bf6 18. Bxf6 gxf6 19. Rad1 Ra7 20. Rd2 b5
21. Rfd1 Rc7 22. c3 Kf7 23. Kf1 Ke7 24. Rd4 e5 25. Rh4 Rh8 26. Be2 Be6 27. Rd2
f4 28. g3 fxg3 29. hxg3 f5 30. a4 Rc5 31. axb5 axb5 32. Rb4 Rb8 33. Rh4 Rh8 34.
Rb4 Rb8 35. Rh4 Bg8 36. Rb4 Bc4 37. Bxc4 Rxc4 38. Rb3 Ke6 39. Ke2 Rb7 40. Kd3
e4+ 41. Ke3 Ke5 42. Rd8 Rc5 43. Re8+ Kd5 44. Rd8+ Ke5 45. Re8+ Kd5 46. Rd8+ Kc6
47. Kd4 Rc7 48. Rb4 h5 49. Rb3 Kb6 50. Rb8+ Kc6 51. Rd8 Rc4+ 52. Ke3 h4 53.
gxh4 Rh7 54. Rc8+ Kd6 55. Rf8 Rc5 56. Rb8 Kc6 57. Rc8+ Kd5 58. Rd8+ Ke5 59.
Re8+ Kd6 60. Rb8 1/2-1/2

[Event "12. Süder Sommerpokal"]
[Site "Recklinghausen"]
[Date "2001.08.05"]
[Round "2"]
[White "Diebig, Klaus"]
[Black "Arfert, Peter"]
[Result "1-0"]
[WhiteElo "1849"]
[BlackElo "1469"]
[PlyCount "70"]
[EventDate "2001.??.??"]

1. d4 c5 2. d5 g6 3. c4 Bg7 4. Nc3 d6 5. e4 Nf6 6. Be2 O-O 7. f4 e5 8. fxe5
dxe5 9. Nf3 Re8 10. O-O Nbd7 11. Bg5 h6 12. Bh4 g5 13. Bf2 Ng4 14. Qd3 Nxf2 15.
Rxf2 Nf8 16. Rff1 a6 17. Kh1 Ng6 18. g3 Qd7 19. Ng1 Qd6 20. Bh5 Bd7 21. a4 Re7
22. Qe2 Rf8 23. Bg4 f6 24. Bf5 Nh8 25. Nh3 Qb6 26. Nf2 Bxf5 27. exf5 Nf7 28.
Nfe4 Rd8 29. Rfd1 Bf8 30. a5 Qc7 31. Nxf6+ Kg7 32. Nfe4 Kh8 33. Qh5 Nd6 34.
Nxd6 Qxd6 35. Ne4 Qb8 1-0

[Event "12. Süder Sommerpokal"]
[Site "Recklinghausen"]
[Date "2001.08.05"]
[Round "2"]
[White "Lange, Hans-Werner"]
[Black "Lüder, Thomas"]
[Result "1/2-1/2"]
[WhiteElo "1472"]
[BlackElo "1836"]
[PlyCount "54"]
[EventDate "2001.??.??"]

1. d4 f5 2. Nf3 Nf6 3. Bf4 b6 4. h3 Bb7 5. e3 e6 6. Be2 Nc6 7. O-O Ne7 8. Nbd2
Ng6 9. Bh2 Be7 10. Ne5 d6 11. Bf3 Bxf3 12. Nexf3 O-O 13. c4 c5 14. Re1 Nd7 15.
Rb1 e5 16. Kh1 e4 17. Ng1 Nf6 18. f3 exf3 19. Ndxf3 Ne4 20. Rf1 Qe8 21. Nd2
Nxd2 22. Qxd2 Rd8 23. d5 Bg5 24. Bf4 Nxf4 25. exf4 Bf6 26. Rbe1 Qh5 27. Nf3 Qg6
1/2-1/2

[Event "12. Süder Sommerpokal"]
[Site "Recklinghausen"]
[Date "2001.08.05"]
[Round "2"]
[White "Würtele, Armin"]
[Black "Rolle, Harald"]
[Result "1-0"]
[WhiteElo "1834"]
[BlackElo "1418"]
[PlyCount "43"]
[EventDate "2001.??.??"]

1. Nf3 Nf6 2. g3 d5 3. Bg2 Bf5 4. d3 e6 5. O-O c6 6. c4 Be7 7. cxd5 cxd5 8. Qb3
Qc8 9. Be3 Nc6 10. Rc1 Qd7 11. Nbd2 Ng4 12. Bc5 Bd8 13. e4 dxe4 14. dxe4 Bg6
15. Nc4 Be7 16. Rd1 Qc7 17. Bxe7 Qxe7 18. Nd6+ Kf8 19. Rac1 Rb8 20. Rxc6 Rd8
21. Nxb7 Rb8 22. Nd6 1-0

[Event "12. Süder Sommerpokal"]
[Site "Recklinghausen"]
[Date "2001.08.05"]
[Round "2"]
[White "Jungbluth, Michael"]
[Black "Wachovius, Hans-Werner"]
[Result "0-1"]
[WhiteElo "1465"]
[BlackElo "1824"]
[PlyCount "48"]
[EventDate "2001.??.??"]

1. d4 d5 2. c4 c6 3. cxd5 cxd5 4. Nf3 Nc6 5. Bf4 Nf6 6. e3 Qb6 7. Qd2 Ne4 8.
Qc2 e6 9. a3 Bd7 10. Bd3 Rc8 11. Nc3 f5 12. O-O Be7 13. Rfc1 O-O 14. Qe2 a6 15.
b4 Nxc3 16. Rxc3 Nxd4 17. Nxd4 Rxc3 18. Be5 Rcc8 19. Qf3 Bf6 20. Bxf6 Rxf6 21.
Nb3 Bb5 22. Bxb5 Qxb5 23. Nc5 a5 24. Rb1 Rxc5 0-1